LEADER 01229cam0 2200289 450 001 E600200048496 005 20210323084949.0 100 $a20090428d2009 |||||ita|0103 ba 101 $aita 102 $aIT 200 1 $aRilke$ePoesia e poetica$fCosimo Campanelli 210 $aNapoli$cLa Cittą del Sole$d2009 215 $a495 p.$d21 cm 225 2 $apensiero e la storia$fIstituto italiano per gli studi filosofici$v126 410 1$1001SOBE00033260$12001 $aIl *pensiero e la storia / Istituto italiano per gli studi filosofici$v126 700 1$aCampanelli$b, Cosimo$3AF00005846$4070$0614740 801 0$aIT$bUNISOB$c20210323$gRICA 850 $aUNISOB 852 $aUNISOB$j830$m143644 852 $aUNISOB$jFondo|De|Sanctis|F$m155283 912 $aE600200048496 940 $aM 102 Monografia moderna SBN 941 $aM 957 $a830$b001435$gSi$d143644$rdono dell'autore$1catenacci$2UNISOB$3UNISOB$420090428124103.0$520111215092809.0$6menle 957 $aFondo|De|Sanctis|F$b000432$gCON$d155283$hDeSanctisF$rdono$tN$1menle$2UNISOB$3UNISOB$420111215092701.0$520210323084937.0$6Spinosa$fPer le modalitą di consultazione vedi homepage della Biblioteca link Fondi 996 $aRilke$91681432 997 $aUNISOB LEADER 01648nam 2200553 450 001 9910464937603321 005 20200520144314.0 010 $a2-7420-1332-6 035 $a(CKB)3710000000088017 035 $a(EBL)3317919 035 $a(SSID)ssj0001340612 035 $a(PQKBManifestationID)11758615 035 $a(PQKBTitleCode)TC0001340612 035 $a(PQKBWorkID)11380457 035 $a(PQKB)10678601 035 $a(MiAaPQ)EBC3317919 035 $a(PPN)198672705 035 $a(Au-PeEL)EBL3317919 035 $a(CaPaEBR)ebr10836445 035 $a(OCoLC)923189272 035 $a(EXLCZ)993710000000088017 100 $a20140221h20132013 uy 0 101 0 $afre 135 $aur|n|---||||| 181 $ctxt 182 $cc 183 $acr 200 13$aLe conseil transfusionnel $ede la the?rapeutique consensuelle aux alternatives adapte?es /$fE?tablissement franc?ais du sang ; coordonne? par Re?mi Courbil, [and three others] 210 1$aMontrouge, France :$cJohn Libbey Eurotext,$d2013. 210 4$d©2013 215 $a1 online resource (323 p.) 225 1 $aHors collection 300 $aIncludes index. 311 $a2-7420-1084-X 410 0$aHors collection 606 $aBlood$xTransfusion 606 $aBlood$xTransfusion$zFrance 608 $aElectronic books. 615 0$aBlood$xTransfusion. 615 0$aBlood$xTransfusion 676 $a615.39 701 $aCourbil$b Re?mi$0855187 801 0$bMiAaPQ 801 1$bMiAaPQ 801 2$bMiAaPQ 906 $aBOOK 912 $a9910464937603321 996 $aLe conseil transfusionnel$91909335 997 $aUNINA